000 00541nam a2200157 a 4500
008 120416s1984 ||||||||||||||||| || u
020 _a0856264229
050 _aHG 4521 Geo
100 _aGeorge, Frank Honywill
245 1 4 _aThe science of investment
260 _aTunbridge Wells, [Kent]
_bAbacus Press
_c1984
300 _a253p. : ill.
350 _a0.00
650 _aINVESTMENTS
995 _D0.00
_FCBU-MAIN LIBRARY (Kitwe)
_H1
_I19.80
_UAVAILABLE
_ZAnnex Low-Usage Collection
999 _c57103
_d57103